[Event "66th ch-RUS HL"]
[Site "Yekaterinburg RUS"]
[Date "2013.06.23"]
[Round "4.14"]
[White "Kokarev, Dmitry"]
[Black "Gordievsky, Dmitry"]
[Result "1-0"]
[WhiteTitle "GM"]
[BlackTitle "FM"]
[WhiteElo "2639"]
[BlackElo "2474"]
[WhiteFideId "4132181"]
[BlackFideId "24112798"]
[EventDate "2013.06.20"]

1. g3 c5 2. Bg2 Nc6 3. c4 g6 4. Nc3 Bg7 5. Nf3 e6 6. d3 Nge7 7. Bg5 h6 8. Bd2 d6
9. O-O O-O 10. a3 a6 11. Rb1 Rb8 12. Qc1 Kh7 13. b4 cxb4 14. axb4 b5 15. Qa3 e5
16. Ne1 Nd4 17. Be3 Qd7 18. Bxd4 exd4 19. Ne4 f5 20. Nd2 Bb7 21. Nef3 f4 22. Nb3
fxg3 23. hxg3 bxc4 24. dxc4 d3 25. Nbd2 dxe2 26. Rfe1 Nf5 27. Rxe2 Rf7 28. Qd3
Bc6 29. Ne4 d5 30. Nc5 Qa7 31. Ne5 dxc4 32. Qxc4 Bb5 33. Qg4 Rf6 34. Ree1 Be8
35. Rbd1 Rfb6 36. Ned3 Qf7 37. Nf4 h5 38. Qh3 Rxb4 39. Bd5 Qf6 40. Ne4 Rxe4 41.
Bxe4 h4 42. Bxf5 gxf5 43. Re6 Qg5 44. Rxa6 Rb4 45. Ne6 Qh5 46. Rc1 Bf7 47. Nxg7
Kxg7 48. Ra7 Kh6 49. Rc6+ Bg6 50. Raa6 Rg4 51. Rc8 Kg7 52. Ra7+ Kf6 53. Ra6+ Kg5
54. f4+ 1-0

[Event "66th ch-RUS HL"]
[Site "Yekaterinburg RUS"]
[Date "2013.06.23"]
[Round "4.15"]
[White "Oparin, Grigoriy"]
[Black "Popov, Ivan RUS"]
[Result "1/2-1/2"]
[WhiteTitle "IM"]
[BlackTitle "GM"]
[WhiteElo "2497"]
[BlackElo "2632"]
[WhiteFideId "24125890"]
[BlackFideId "4170350"]
[EventDate "2013.06.20"]

1. e4 c5 2. Nf3 d6 3. d4 cxd4 4. Nxd4 Nf6 5. Nc3 a6 6. Be2 e5 7. Nb3 Be7 8. O-O
O-O 9. Re1 Nbd7 10. a4 b6 11. Bc4 Bb7 12. Bg5 Qc7 13. Nd2 h6 14. Bh4 Bc6 15. Qe2
Qb7 16. b4 d5 17. Nxd5 Bxd5 18. exd5 Bxb4 19. Rab1 a5 20. Red1 Qc7 21. Nf1 Rac8
22. Ne3 Ne4 23. Qg4 Ndf6 24. Qf3 Nd2 25. Rxd2 Bxd2 26. Bxf6 Bxe3 27. Bd3 Bg5 28.
Qe4 g6 29. Bxe5 Qd8 30. Bd4 Re8 31. Qf3 Be7 32. h4 Bc5 33. Bf6 Be7 34. Bd4 Bc5
35. Bf6 Be7 36. Ba1 Bxh4 37. Qf4 Qg5 38. Qd4 f6 39. d6 Rcd8 40. Rd1 Kg7 41. d7
Re6 42. Bb5 h5 43. Bc3 Qg4 44. Qxg4 hxg4 45. Rd4 Bg5 46. Rxg4 Bc1 47. Rc4 Kf7
48. Rh4 Kg7 49. Rc4 Kf7 50. Rh4 Kg7 1/2-1/2

[Event "66th ch-RUS HL"]
[Site "Yekaterinburg RUS"]
[Date "2013.06.23"]
[Round "4.16"]
[White "Ponkratov, Pavel"]
[Black "Vokarev, Sergey"]
[Result "1-0"]
[WhiteTitle "GM"]
[BlackTitle "GM"]
[WhiteElo "2605"]
[BlackElo "2472"]
[WhiteFideId "4157800"]
[BlackFideId "4119711"]
[EventDate "2013.06.20"]

1. d4 d5 2. c4 c6 3. Nf3 Nf6 4. Nc3 dxc4 5. a4 Bf5 6. Ne5 Nbd7 7. Nxc4 Nb6 8.
Ne5 a5 9. f3 Nfd7 10. Nxd7 Nxd7 11. e4 Bg6 12. Be3 e5 13. dxe5 Bc5 14. Bxc5 Nxc5
15. Qxd8+ Rxd8 16. Be2 O-O 17. O-O Rd4 18. Rfc1 b6 19. Rd1 Rb4 20. Rd6 Rc8 21.
Rb1 h5 22. Bd1 Nb7 23. Rd2 Re8 24. Na2 Rc4 25. b4 axb4 26. Be2 Rc5 27. Nxb4 Na5
28. Nd3 Rc4 29. Rxb6 Rxa4 30. Ra6 Rd8 31. Rc2 Rdd4 32. Nf4 Nb3 33. Nxg6 Rxa6 34.
Bxa6 Na1 35. Rc1 Ra4 36. Bc4 1-0

[Event "66th ch-RUS HL"]
[Site "Yekaterinburg RUS"]
[Date "2013.06.23"]
[Round "4.17"]
[White "Najer, Evgeniy"]
[Black "Levin, Evgeny A."]
[Result "1-0"]
[WhiteTitle "GM"]
[BlackTitle "GM"]
[WhiteElo "2633"]
[BlackElo "2512"]
[WhiteFideId "4118987"]
[BlackFideId "4182596"]
[EventDate "2013.06.20"]

1. e4 e6 2. d4 d5 3. Nc3 Bb4 4. e5 Ne7 5. a3 Bxc3+ 6. bxc3 c5 7. Qg4 O-O 8. Bd3
Nbc6 9. Nf3 f5 10. Qg3 Qa5 11. Bd2 cxd4 12. cxd4 Qa4 13. c3 b6 14. O-O Nd8 15.
Rfb1 Qe8 16. a4 Bd7 17. a5 bxa5 18. Rxa5 Ndc6 19. Ra2 Rb8 20. Rba1 Rb7 21. Bc2
a5 22. Bc1 Qf7 23. Ba3 Ra8 24. Bc5 Nc8 25. Qf4 Rab8 26. g4 Rb2 27. gxf5 exf5 28.
h4 h6 29. Kh2 Be6 30. Ba3 Rxa2 31. Rxa2 Nb6 32. Bd6 Rb7 33. Ne1 Nc4 34. Nd3 Qh5
35. Kg2 g5 36. Qf3 Qxf3+ 37. Kxf3 Nxd6 38. exd6 Rd7 39. hxg5 hxg5 40. Nc5 Rxd6
41. Nxe6 Rxe6 42. Bxf5 Re1 43. Ra3 Ne7 44. Bd3 Rc1 45. Ke3 Kf7 46. Kd2 Rg1 47.
Rxa5 g4 48. Ke2 g3 49. fxg3 Rxg3 50. Ra6 Rh3 51. Rd6 Rh2+ 52. Ke3 Rh3+ 53. Kd2
Rh2+ 54. Kc1 Rf2 55. Bb5 Rg2 56. Ba4 Rg6 57. Rd8 Rg8 58. Rd6 Rg6 59. Rd7 Ra6 60.
Bd1 Rc6 61. Kd2 Ra6 62. Bf3 Ke6 63. Bg4+ Kf7 64. Rd8 Rf6 65. Kc2 Rb6 66. Bd7 Rb7
67. Bg4 Rb6 68. Ra8 Kg7 69. Ra1 Rg6 70. Re1 Kf6 71. Be6 Rg3 72. Bd7 Ng6 73. Kb3
Nf4 74. Bb5 Ne6 75. Kb4 Rg8 76. Re5 Nf4 77. Re3 Rc8 78. Ka5 Rb8 79. Re1 Rc8 80.
Rf1 Kg5 81. Kb4 Rc7 82. Rg1+ Kf6 83. Rg8 Ne6 84. Rb8 Ke7 85. Rb6 Nd8 86. Ra6 Ne6
87. Bc6 Nf4 88. Kc5 Ke6 89. Ra8 Nd3+ 90. Kb6 Re7 91. Rf8 Nb2 92. Rd8 Nc4+ 93.
Kc5 Ne3 94. Bxd5+ Nxd5 95. Rd6+ 1-0

[Event "66th ch-RUS HL"]
[Site "Yekaterinburg RUS"]
[Date "2013.06.23"]
[Round "4.18"]
[White "Moiseenko, Vadim"]
[Black "Panarin, Mikhail"]
[Result "1/2-1/2"]
[WhiteTitle "IM"]
[BlackTitle "GM"]
[WhiteElo "2473"]
[BlackElo "2565"]
[WhiteFideId "4123700"]
[BlackFideId "4153251"]
[EventDate "2013.06.20"]

1. d4 Nf6 2. Nc3 c5 3. dxc5 Qa5 4. Nf3 Nc6 5. Nd2 Qxc5 6. e4 e6 7. Be2 Be7 8.
O-O O-O 9. Nb3 Qb6 10. Bf4 a6 11. e5 Ne8 12. Bd3 Qc7 13. Qh5 g6 14. Qe2 d6 15.
exd6 Bxd6 16. Bxd6 Nxd6 17. Rad1 b6 18. Ne4 Nxe4 19. Bxe4 Bb7 20. Rd3 Rad8 21.
Rh3 Nd4 22. Qe3 Nxb3 23. axb3 Bxe4 24. Qxe4 Rd6 25. Qh4 h5 26. Rc3 Qd7 27. h3
Rc8 28. Qe4 Rd2 29. Re1 Rc5 30. Rxc5 bxc5 31. g3 Kh7 32. Re2 Rd4 33. Qf3 h4 34.
g4 Kg8 35. c3 Rd1+ 36. Kg2 Qb5 37. c4 Qd7 38. Re5 Rd3 39. Qa8+ Kh7 40. Rxc5 Rxb3
41. Qe4 Kg8 42. Qa8+ Kg7 43. Qe4 Qd2 44. Qe5+ Kh7 45. Qf6 Qd7 46. Qxh4+ Kg7 47.
Qg5 Qb7+ 48. Kh2 Qf3 49. Qe5+ Kh7 50. Qg3 Qxg3+ 51. fxg3 Rxb2+ 52. Kg1 1/2-1/2

[Event "66th ch-RUS HL"]
[Site "Yekaterinburg RUS"]
[Date "2013.06.23"]
[Round "4.20"]
[White "Korniushin, Nikolay"]
[Black "Artemiev, Vladislav"]
[Result "1/2-1/2"]
[WhiteTitle "IM"]
[BlackTitle "IM"]
[WhiteElo "2373"]
[BlackElo "2524"]
[WhiteFideId "4123808"]
[BlackFideId "24101605"]
[EventDate "2013.06.20"]

1. d4 d5 2. Nf3 Nc6 3. g3 Bf5 4. Bg2 Nb4 5. Na3 e6 6. O-O Be7 7. c3 Na6 8. Qb3
Qc8 9. Bg5 c6 10. Bxe7 Nxe7 11. Nd2 O-O 12. e4 Bg6 13. Rfe1 Rd8 14. Rac1 Qc7 15.
Nc2 Rab8 16. Qa3 Qd6 17. Qxd6 Rxd6 18. Ne3 Rdd8 19. f4 Nc7 20. Rf1 f6 21. f5 Bf7
22. fxe6 Bxe6 23. Nf5 Rd7 24. Rce1 dxe4 25. Nxe7+ Rxe7 26. Nxe4 Ree8 27. b3 Rbd8
28. Nc5 Bc8 29. Rxe8+ Rxe8 30. c4 Rd8 31. Rd1 Kf8 32. Kf2 Ne8 33. d5 b6 34. Nd3
c5 35. Re1 Nd6 36. Ke3 Re8+ 37. Kd2 Rxe1 38. Nxe1 Bf5 39. Kc3 Ke7 40. a3 g5 41.
Bf3 h6 42. b4 Bg6 43. bxc5 bxc5 44. Kb3 Kd8 45. Be2 Kc7 46. Bd3 Bh5 47. Ng2 f5
48. Ne3 f4 49. gxf4 gxf4 50. Ng2 f3 51. Nf4 Bg4 52. Kc3 Kb6 53. Kd2 Ka5 54. Ke3
Ka4 55. Ne6 Kxa3 56. Nxc5 Kb4 57. Na6+ Kc3 58. c5 Nc4+ 59. Bxc4 Kxc4 60. d6 Kb5
61. Nb8 Kxc5 62. d7 Bxd7 63. Nxd7+ Kd6 64. Nf6 a5 65. Ne4+ Kd5 66. Kxf3 Kd4 67.
Nd6 a4 68. Ke2 Kc5 69. Ne4+ Kd4 70. Nd6 Kc5 71. Nf5 a3 72. Ne3 a2 73. Nc2 Kc4
74. Kd2 Kb3 75. Kd3 h5 76. h4 Kb2 77. Kd2 Kb3 1/2-1/2

[Event "66th ch-RUS HL"]
[Site "Yekaterinburg RUS"]
[Date "2013.06.23"]
[Round "4.21"]
[White "Voitsekhovsky, Stanislav"]
[Black "Egorov, Dmitry"]
[Result "1-0"]
[WhiteTitle "GM"]
[BlackTitle "FM"]
[WhiteElo "2523"]
[BlackElo "2355"]
[WhiteFideId "4113470"]
[BlackFideId "4128303"]
[EventDate "2013.06.20"]

1. e4 c6 2. Nc3 d5 3. Qe2 d4 4. Nd1 e5 5. g3 g5 6. d3 Be6 7. f4 gxf4 8. gxf4
exf4 9. Bxf4 Bh6 10. Bg3 Nf6 11. Bh3 Qd7 12. Bxe6 Qxe6 13. Nf3 c5 14. Nh4 Nc6
15. O-O Rg8 16. Nf5 Bf8 17. Kh1 O-O-O 18. Nf2 Ne7 19. Nh3 Nxf5 20. Rxf5 Bd6 21.
Ng5 Qe7 22. e5 Bc7 23. Qf3 Nd7 24. Nxf7 Rdf8 25. Rf1 Qe6 26. a3 a6 27. c3 Kb8
28. cxd4 cxd4 29. Nd6 Qb3 30. e6 Rxf5 31. Qxf5 Nb6 1-0

[Event "66th ch-RUS HL"]
[Site "Yekaterinburg RUS"]
[Date "2013.06.23"]
[Round "4.23"]
[White "Nozdrachev, Leonid"]
[Black "Yuferev, Oleg"]
[Result "1-0"]
[WhiteTitle "FM"]
[BlackTitle "FM"]
[WhiteElo "2389"]
[BlackElo "2284"]
[WhiteFideId "24113433"]
[BlackFideId "4131720"]
[EventDate "2013.06.20"]

1. e4 e6 2. d4 d5 3. e5 c5 4. c3 Nc6 5. Nf3 Bd7 6. a3 f6 7. b4 fxe5 8. b5 Nxd4
9. cxd4 exd4 10. Bf4 Nf6 11. g3 Be7 12. Nbd2 O-O 13. a4 Qe8 14. Bg2 h6 15. O-O
a6 16. b6 d3 17. Re1 c4 18. Ne5 g5 19. Nxd7 Nxd7 20. Rxe6 Nf6 21. Bd6 Qd7 22.
Rxf6 Bxf6 23. Bxd5+ Kh8 24. Nxc4 Qf5 25. Ne3 Qd7 26. Bxf8 1-0

[Event "66th ch-RUS HL"]
[Site "Yekaterinburg RUS"]
[Date "2013.06.23"]
[Round "4.24"]
[White "Khegay, Dmitriy"]
[Black "Airapetian, Gor"]
[Result "0-1"]
[WhiteTitle "FM"]
[BlackTitle "IM"]
[WhiteElo "2349"]
[BlackElo "2448"]
[WhiteFideId "24153729"]
[BlackFideId "4177916"]
[EventDate "2013.06.20"]

1. e4 c6 2. d4 d5 3. e5 Bf5 4. c4 e6 5. Nc3 Ne7 6. a3 dxc4 7. Bxc4 Nd7 8. Nge2
Nb6 9. Bb3 Bg6 10. Be3 Ned5 11. O-O Be7 12. Ng3 O-O 13. Nce4 Rc8 14. Rc1 Nxe3
15. fxe3 Nd5 16. Qe2 Qb6 17. Ba2 c5 18. Bxd5 exd5 19. Nc3 Qe6 20. Nh5 Bxh5 21.
Qxh5 cxd4 22. exd4 Rc4 23. Ne2 Qb6 24. Rxc4 dxc4 25. Qg4 h5 26. Qxh5 Qxb2 27.
Qg4 Qxa3 28. Ng3 Qe3+ 29. Kh1 Qg5 30. Qe4 c3 31. Nf5 g6 32. Ne3 Qh4 33. Qd5 Bg5
34. Nc2 Kg7 35. Qf3 Bd2 36. d5 Qe7 37. Nd4 c2 38. Nxc2 Qxe5 39. Qd3 Rh8 40. h3
Qc3 41. Qe4 Bg5 42. Rf3 Qb2 43. Nd4 Qc1+ 44. Kh2 Qc7+ 45. g3 Rh4 46. Qd3 Qe5 47.
Ne2 Re4 48. Nc3 Rd4 49. Qf1 Rd2+ 50. Kh1 f5 51. Qb1 b6 52. Qa1 Rc2 53. Qxa7+ Kh6
54. Qxb6 Rxc3 55. Rxc3 Qxd5+ 56. Kh2 Qd2+ 57. Kh1 Qxc3 58. Qb8 Bf6 59. Qd6 Qf3+
60. Kh2 Qf2+ 61. Kh1 Bd4 62. Qf8+ Kh5 63. g4+ Kh4 64. Qe7+ Kg3 65. Qc7+ f4 0-1

[Event "66th ch-RUS HL"]
[Site "Yekaterinburg RUS"]
[Date "2013.06.23"]
[Round "4.25"]
[White "Shishigin, Dmitry"]
[Black "Kruchev, Boris"]
[Result "0-1"]
[BlackTitle "FM"]
[WhiteElo "2230"]
[BlackElo "2272"]
[WhiteFideId "24104353"]
[BlackFideId "4179714"]
[EventDate "2013.06.20"]

1. d4 Nf6 2. c4 e6 3. Nc3 Bb4 4. e3 d5 5. Bd3 O-O 6. Nf3 c5 7. O-O cxd4 8. exd4
dxc4 9. Bxc4 b6 10. Qe2 Bb7 11. a3 Be7 12. Bg5 Nc6 13. Rad1 Nd5 14. Bc1 Na5 15.
Bd3 Nxc3 16. bxc3 Rc8 17. c4 Bxf3 18. Qxf3 Nxc4 19. d5 exd5 20. Bf5 Rc5 21. Qh3
g6 22. Bh6 d4 23. Bxf8 Bxf8 24. Bd7 Rd5 25. Bc6 Rh5 26. Qd7 Qxd7 27. Bxd7 Rd5
28. Rc1 Nxa3 29. Rc7 a5 30. Be8 Rf5 31. f4 h5 32. Rf3 Nb1 33. Rc8 Nc3 34. g3 Kg7
35. Kf1 a4 36. Rfxc3 dxc3 37. Bxa4 Bc5 38. Bb3 Rf6 39. Rd8 g5 40. Rd3 gxf4 41.
Ke2 fxg3 42. Rxg3+ Rg6 43. Rxc3 Rg2+ 44. Kf1 Rf2+ 45. Ke1 Rxh2 46. Rg3+ Kh6 47.
Rf3 Kg5 48. Rxf7 h4 49. Be6 Rb2 50. Kf1 Bd6 51. Rf5+ Kg6 52. Rf2 Rb5 53. Kg2 Re5
54. Bd7 b5 55. Rc2 Kg5 56. Rc6 Re2+ 57. Kf3 Rd2 58. Rb6 b4 59. Rb5+ Kf6 60. Kg4
Rd4+ 61. Kh3 Be7 62. Bc8 Kg6 63. Be6 Rd3+ 64. Kg4 Rg3+ 65. Kf4 Bg5+ 66. Ke4 Re3+
67. Kd5 Kf6 68. Bg8 h3 69. Rxb4 h2 70. Rb1 Rh3 71. Rh1 Be3 72. Ke4 Bg1 73. Kf4
Rh4+ 74. Kg3 Kg5 75. Bd5 Rd4 76. Bc6 Rd3+ 77. Kg2 Rc3 78. Bd5 Rc5 79. Bb7 Rc2+
80. Kg3 Kf5 81. Kf3 Ke5 82. Kg3 Kd4 83. Kf3 Rc7 84. Ba8 Rg7 85. Bc6 Rf7+ 86. Kg2
Rf2+ 87. Kg3 Ke3 88. Bb7 Rf7 89. Bd5 Rg7+ 90. Kh3 Kf4 91. Bc4 Rg3+ 92. Kh4 Rc3
93. Ba2 Rc5 94. Bb3 Kf3 95. Bd1+ Kg2 96. Kg4 Rc4+ 97. Kf5 Rc1 98. Be2 Rc3 99.
Ba6 Rc7 100. Bd3 Rc5+ 101. Kg4 Re5 102. Ba6 Re4+ 103. Kh5 Rb4 104. Be2 Re4 105.
Ba6 Re7 0-1

[Event "66th ch-RUS HL"]
[Site "Yekaterinburg RUS"]
[Date "2013.06.24"]
[Round "5.4"]
[White "Shomoev, Anton"]
[Black "Tomashevsky, Evgeny"]
[Result "1/2-1/2"]
[WhiteTitle "GM"]
[BlackTitle "GM"]
[WhiteElo "2565"]
[BlackElo "2709"]
[WhiteFideId "4135148"]
[BlackFideId "4147235"]
[EventDate "2013.06.20"]

1. e4 e5 2. Nf3 Nc6 3. Bb5 a6 4. Ba4 Nf6 5. d3 d6 6. c3 g6 7. O-O Bg7 8. Re1 O-O
9. h3 Bd7 10. Be3 Qe7 11. Nbd2 Rfe8 12. Bb3 Qf8 13. a4 h6 14. a5 Kh8 15. Bc4 Be6
16. Bxe6 fxe6 17. Qb3 Rab8 18. d4 exd4 19. Nxd4 Nd8 20. e5 dxe5 21. N4f3 Nc6 22.
Ra4 Nd5 23. Rg4 Qf7 24. Rh4 Nxe3 25. Rxe3 Nxa5 26. Qa4 Nc6 27. Ng5 Qe7 28. Qg4
Rf8 29. Nxe6 Rf6 30. Nxg7 Kxg7 31. Rg3 Qf7 32. Qe2 Rf4 33. Nf3 Re8 34. Rhg4 Rxg4
35. Rxg4 e4 36. Rxe4 Rxe4 37. Qxe4 Qe7 38. Qg4 Qd6 39. Qc8 Qd1+ 40. Kh2 Qd6+ 41.
g3 Nd8 42. Nd4 Kf7 43. Qg4 c5 44. Nf3 Nc6 45. h4 Qe6 46. Qf4+ Qf5 47. Qe3 Kg7
48. Kg2 Qd5 49. Qf4 Qf5 50. Qd6 Qf8 51. Qd5 Qf5 52. Qd6 Qf8 53. Qc7+ Qf7 54. Qc8
c4 55. g4 1/2-1/2

[Event "66th ch-RUS HL"]
[Site "Yekaterinburg RUS"]
[Date "2013.06.24"]
[Round "5.7"]
[White "Nepomniachtchi, Ian"]
[Black "Kokarev, Dmitry"]
[Result "1-0"]
[WhiteTitle "GM"]
[BlackTitle "GM"]
[WhiteElo "2717"]
[BlackElo "2639"]
[WhiteFideId "4168119"]
[BlackFideId "4132181"]
[EventDate "2013.06.20"]

1. e4 c5 2. Nf3 d6 3. d4 cxd4 4. Nxd4 Nf6 5. Nc3 a6 6. Be3 e6 7. f3 b5 8. Qd2
Nbd7 9. a4 b4 10. Na2 d5 11. Nxb4 dxe4 12. Be2 Bb7 13. f4 a5 14. Nbc6 Qb6 15.
Bb5 Bc5 16. Ne5 O-O 17. Bxd7 Rfd8 18. Nc4 Qa7 19. Bb5 Rxd4 20. Bxd4 Bxd4 21.
O-O-O Bc5 22. Rhe1 h5 23. Kb1 Bd5 24. Ne3 Qc7 25. g3 Bb4 26. c3 Bc5 27. Qc2 Qb6
28. Nc4 Qc7 29. Nd2 Rc8 30. Nb3 Be7 31. Nd4 Bc5 32. Bf1 Qb6 33. Bb5 Qc7 34. Qe2
g6 35. Rf1 Bf8 36. h3 e5 37. Nc2 Be6 38. f5 gxf5 39. Ne3 f4 40. gxf4 exf4 41.
Qg2+ Kh7 42. Qg5 Bh6 43. Qxf6 fxe3 44. Rd7 Bxd7 45. Qxf7+ Kh8 46. Rf6 Bg7 47.
Qxh5+ Kg8 48. Qf7+ Kh8 49. Bxd7 Bxf6 50. Qxf6+ Kh7 51. Qh4+ Kg7 52. Qg4+ Kh8 1-0

[Event "66th ch-RUS HL"]
[Site "Yekaterinburg RUS"]
[Date "2013.06.24"]
[Round "5.9"]
[White "Shimanov, Aleksandr"]
[Black "Ponkratov, Pavel"]
[Result "1-0"]
[WhiteTitle "GM"]
[BlackTitle "GM"]
[WhiteElo "2664"]
[BlackElo "2605"]
[WhiteFideId "4198603"]
[BlackFideId "4157800"]
[EventDate "2013.06.20"]

1. Nf3 Nf6 2. c4 e6 3. g3 b6 4. Bg2 Bb7 5. d4 Be7 6. O-O O-O 7. Nc3 Ne4 8. Bd2
Bf6 9. Rc1 d6 10. d5 Nxd2 11. Qxd2 Qe7 12. Nd4 Bxd4 13. Qxd4 e5 14. Qd2 Nd7 15.
e4 a5 16. f4 exf4 17. gxf4 Rae8 18. Rce1 Ba6 19. b3 Qh4 20. Ne2 Bc8 21. Nd4 Kh8
22. Qc3 Kg8 23. a3 Nf6 24. Nb5 Re7 25. e5 dxe5 26. fxe5 Ng4 27. h3 Nh6 28. Nd4
Bd7 29. b4 axb4 30. axb4 Qh5 31. Qg3 Nf5 32. Nxf5 Bxf5 33. c5 bxc5 34. bxc5 Bc8
35. Re3 c6 36. d6 Re6 37. Qf4 Bd7 38. Kh2 Rb8 39. Rf2 Rh6 40. Rg3 Rf8 41. Bf3
Qh4 42. Qxh4 Rxh4 43. Bg4 Bxg4 44. Rxg4 Rh5 45. Re4 g6 46. Ra2 Rb8 47. Re3 Kg7
48. Rd2 Kf8 49. Rf2 Kg7 50. Ra2 Rb7 51. Rd2 Rd7 52. Kg3 Rf5 53. Rb2 Ra7 54. Rd3
Rd7 55. Rb6 Rxe5 56. Rxc6 f5 57. Rc8 Re6 58. Rb8 f4+ 59. Kf3 Rf7 60. c6 1-0

[Event "66th ch-RUS HL"]
[Site "Yekaterinburg RUS"]
[Date "2013.06.24"]
[Round "5.10"]
[White "Prizant, Jaroslav"]
[Black "Sjugirov, Sanan"]
[Result "1/2-1/2"]
[WhiteTitle "IM"]
[BlackTitle "GM"]
[WhiteElo "2515"]
[BlackElo "2647"]
[WhiteFideId "4140664"]
[BlackFideId "4189302"]
[EventDate "2013.06.20"]

1. e4 c5 2. Nf3 d6 3. d4 cxd4 4. Nxd4 Nf6 5. Nc3 a6 6. h3 Nc6 7. g4 Qb6 8. Nb3
e6 9. Bg2 Be7 10. g5 Nd7 11. O-O Qc7 12. Ne2 b5 13. f4 Bb7 14. f5 exf5 15. exf5
Nce5 16. Nc3 Bxg2 17. Kxg2 Nb6 18. Qe2 O-O 19. Be3 Qb7+ 20. Kh2 Nbc4 21. f6 Bd8
22. Bd4 Re8 23. Qe4 Qxe4 24. Nxe4 Nf3+ 25. Rxf3 Rxe4 26. Rf2 g6 27. c3 Bb6 28.
Bxb6 Nxb6 29. Rd1 d5 30. Nc5 Re5 31. h4 h6 32. Rg1 Rc8 33. Nd3 Re4 34. Rf4 hxg5
35. hxg5 Rce8 36. Rf2 Nc4 37. Nf4 R8e5 38. Rg3 Rf5 39. Nd3 Rxf2+ 40. Nxf2 Re2
41. Kg1 Nxb2 42. Kf1 Re6 43. Ng4 Nc4 44. Rh3 Re4 45. Nh6+ Kf8 46. Nf5 Ke8 47.
Rh8+ Kd7 48. Nh6 Nd6 49. Ra8 Rc4 50. Ra7+ Rc7 51. Rxa6 Rxc3 52. Ke2 Rc4 53. Ra7+
Rc7 54. Ra6 b4 55. Kd3 Ke6 56. Kd4 Rc4+ 57. Kd3 Rc7 58. Kd4 Rc4+ 59. Kd3 Rc3+
60. Kd4 Ra3 61. Rb6 Rg3 62. Ra6 Ra3 63. Rb6 Rg3 64. Ra6 Rg1 65. Nxf7 Rg4+ 66.
Kd3 Kxf7 67. Rxd6 Rxg5 68. Kd4 Rf5 69. Ke3 g5 70. Ke2 g4 71. Rb6 Rf4 72. Ke3
Rf3+ 73. Ke2 Rf4 74. Ke3 Rf3+ 75. Ke2 b3 76. axb3 Rxf6 77. Rb4 g3 78. Rg4 Rf2+
79. Ke3 Rb2 80. Rxg3 Rxb3+ 81. Kf4 Rxg3 82. Kxg3 Ke6 83. Kf4 1/2-1/2

[Event "66th ch-RUS HL"]
[Site "Yekaterinburg RUS"]
[Date "2013.06.24"]
[Round "5.11"]
[White "Voitsekhovsky, Stanislav"]
[Black "Khairullin, Ildar"]
[Result "0-1"]
[WhiteTitle "GM"]
[BlackTitle "GM"]
[WhiteElo "2523"]
[BlackElo "2658"]
[WhiteFideId "4113470"]
[BlackFideId "4151348"]
[EventDate "2013.06.20"]

1. e4 c6 2. d3 d5 3. Nd2 Qc7 4. Ngf3 Bg4 5. Be2 e6 6. O-O Nd7 7. b3 Ngf6 8. Bb2
Bd6 9. h3 Bh5 10. Re1 O-O-O 11. Rb1 dxe4 12. dxe4 Bf4 13. g3 Bxg3 14. fxg3 Qxg3+
15. Kh1 Nc5 16. Be5 Bxf3+ 0-1

[Event "66th ch-RUS HL"]
[Site "Yekaterinburg RUS"]
[Date "2013.06.24"]
[Round "5.12"]
[White "Ovetchkin, Roman"]
[Black "Najer, Evgeniy"]
[Result "1/2-1/2"]
[WhiteTitle "GM"]
[BlackTitle "GM"]
[WhiteElo "2529"]
[BlackElo "2633"]
[WhiteFideId "4119991"]
[BlackFideId "4118987"]
[EventDate "2013.06.20"]

1. d4 Nf6 2. c4 g6 3. Nc3 Bg7 4. e4 O-O 5. Nf3 d6 6. h3 e5 7. dxe5 dxe5 8. Qxd8
Rxd8 9. Bg5 Na6 10. Nd5 Rd6 11. Bxf6 Bxf6 12. b4 c6 13. Nxf6+ Rxf6 14. a3 c5 15.
b5 Nc7 16. Bd3 Re6 17. Kd2 f6 18. Kc3 Rd6 19. Ne1 a6 20. a4 Ne6 21. Nc2 Nf4 22.
Bf1 a5 23. g3 Ne6 24. h4 Kg7 25. Bd3 Bd7 26. Ne3 Rd8 27. Nd5 Nd4 28. f4 Bg4 29.
fxe5 fxe5 30. Rhf1 Rf8 31. Rxf8 Kxf8 32. Rf1+ Kg7 33. Kd2 Be6 34. Ke3 Bf7 35.
Rf2 g5 36. hxg5 Rg6 37. Nf6 Rxg5 38. g4 Ne6 39. Nd7 Be8 40. Nf6 Bf7 41. Nd7 Be8
42. Nf6 Bg6 43. Nd7 Rxg4 44. Nxe5 Rg3+ 45. Rf3 Rxf3+ 46. Nxf3 Nf8 47. e5 Nd7 48.
Be4 Nb6 49. Nd2 Nxa4 50. Bxb7 Nb6 51. Nb3 Nxc4+ 52. Kf4 a4 53. Nxc5 a3 54. Nb3
Be8 55. Ke4 a2 56. Na1 Bxb5 57. Kd4 Na5 58. Bd5 Bc4 59. Bxc4 Nxc4 60. Kxc4 h5
61. Kd5 Kf7 62. Nc2 Ke7 63. Ke4 h4 64. Kf4 Ke6 65. Nd4+ Kd5 66. Nc2 h3 67. Kg3
Kxe5 68. Kxh3 Kd6 1/2-1/2

[Event "66th ch-RUS HL"]
[Site "Yekaterinburg RUS"]
[Date "2013.06.24"]
[Round "5.13"]
[White "Popov, Ivan RUS"]
[Black "Sek, Konstantin"]
[Result "1-0"]
[WhiteTitle "GM"]
[WhiteElo "2632"]
[BlackElo "2463"]
[WhiteFideId "4170350"]
[BlackFideId "24104302"]
[EventDate "2013.06.20"]

1. e4 e5 2. Nf3 Nc6 3. Bb5 a6 4. Ba4 d6 5. O-O Bg4 6. h3 h5 7. d4 b5 8. Bb3 Nxd4
9. hxg4 Nxb3 10. axb3 hxg4 11. Ng5 Qd7 12. Qd3 c6 13. c4 b4 14. c5 f6 15. Nd2
fxg5 16. Nc4 Qe6 17. Rd1 dxc5 18. Bxg5 Nf6 19. Nb6 Rb8 20. Rxa6 Be7 21. Nd5 Kf7
22. Nc7 Qc8 23. Rxc6 Qb7 24. Qc4+ Kg6 25. Qe6 Kxg5 26. Qxe7 Qxc6 27. Ne6+ Kh5
28. Qf7+ g6 29. Qxf6 Kh6 1-0

[Event "66th ch-RUS HL"]
[Site "Yekaterinburg RUS"]
[Date "2013.06.24"]
[Round "5.14"]
[White "Predke, Alexandr"]
[Black "Eliseev, Urii"]
[Result "1/2-1/2"]
[BlackTitle "IM"]
[WhiteElo "2492"]
[BlackElo "2557"]
[WhiteFideId "24107581"]
[BlackFideId "24131920"]
[EventDate "2013.06.20"]

1. d4 d5 2. c4 dxc4 3. Nf3 Nf6 4. e3 e6 5. Bxc4 c5 6. O-O a6 7. dxc5 Qxd1 8.
Rxd1 Bxc5 9. Be2 Nbd7 10. Nd4 Ne5 11. b3 Bd7 12. Bb2 Nc6 13. Bf3 Rc8 14. Rc1
Nxd4 15. exd4 Ba7 16. Nd2 Nd5 17. Ba3 Bxd4 18. Rxc8+ Bxc8 19. Rc1 Kd7 20. Nc4 f6
21. Rd1 Ba7 22. Nd6 Rd8 23. Nf7 Re8 24. Nd6 Rd8 25. Nf7 Re8 26. Nd6 1/2-1/2

[Event "66th ch-RUS HL"]
[Site "Yekaterinburg RUS"]
[Date "2013.06.24"]
[Round "5.15"]
[White "Gabrielian, Artur"]
[Black "Oparin, Grigoriy"]
[Result "1/2-1/2"]
[WhiteTitle "GM"]
[BlackTitle "IM"]
[WhiteElo "2545"]
[BlackElo "2497"]
[WhiteFideId "4131002"]
[BlackFideId "24125890"]
[EventDate "2013.06.20"]

1. e4 c5 2. Nf3 d6 3. d4 cxd4 4. Nxd4 Nf6 5. Nc3 a6 6. Bg5 Nbd7 7. f4 Qc7 8. Qf3
h6 9. Bxf6 Nxf6 10. f5 Qc5 11. O-O-O g5 12. Nb3 Qe5 13. Nd5 Nxd5 14. Rxd5 Qf4+
15. Qxf4 gxf4 16. Be2 Bg7 17. Bf3 Bd7 18. Rhd1 Rc8 19. Kb1 Rc4 20. R5d2 Bc6 21.
Re1 Be5 22. c3 Kf8 23. Na5 Rc5 24. Nb3 Rc4 25. Na5 Rc5 26. Nb3 1/2-1/2

[Event "66th ch-RUS HL"]
[Site "Yekaterinburg RUS"]
[Date "2013.06.24"]
[Round "5.18"]
[White "Vokarev, Sergey"]
[Black "Dvoirys, Semen I."]
[Result "1/2-1/2"]
[WhiteTitle "GM"]
[BlackTitle "GM"]
[WhiteElo "2472"]
[BlackElo "2533"]
[WhiteFideId "4119711"]
[BlackFideId "4100379"]
[EventDate "2013.06.20"]

1. e4 c5 2. Nf3 d6 3. d4 cxd4 4. Qxd4 Nf6 5. Bg5 Nc6 6. Bb5 Bd7 7. Bxc6 Bxc6 8.
Nc3 e6 9. O-O-O Be7 10. Qd3 h6 11. Bh4 O-O 12. Nd4 Qc7 13. Rhe1 Rfc8 14. Nxc6
Qxc6 15. Bxf6 Bxf6 16. Qxd6 Bxc3 17. Qxc6 Bxb2+ 18. Kxb2 Rxc6 19. Rd7 Rac8 20.
Re2 Rb6+ 21. Kc1 Rc4 22. Rd8+ Kh7 23. Rd7 Kg6 24. Re3 Rbc6 25. Rg3+ Kf6 26. e5+
Kxe5 27. Re3+ Kf6 28. Rf3+ Ke5 29. Re3+ Kf6 30. Rf3+ Ke5 31. Re3+ Kf6 1/2-1/2